000 00963nam a2200229Ia 4500
999 _c38112
_d38112
001 4100
003 GE_BSU
005 20190924165749.0
008 181216s1969||||ge |||||||||||||| ||geo||
040 _cGE_BSU
041 _ageo
080 _a394(479.223) ა–96
245 _aაჭარის სოფელი :
_bსტატიების კრებული /
_cრედ. ალ. რობაქიძე.
264 _aთბ. :
_bმეცნიერება,
_c1969.
300 _a118 გვ.;
_b21 სმ.
520 _aრეზუმე ყოველი სტატიის შემდეგ რუს. ენ.
653 _a ქართველების ეთნოგრაფია;
653 _a აჭარლები
700 _aრობაქიძე, ალ.
_eრედაქტორი
_94296
710 _aბათუმის სამეცნ-კვლევ. ინ-ტი.
_94297
942 _cBK
_2udc